Statystyki dla Największe miasta wg kontynentów NA MAPIE

Kliknij tutaj aby rozwiązać quiz!

Ogólne statystyki

  • Ten quiz został rozwiązany 459 razy
  • Średni wynik to 22 z 30

Odpowiedzi na mapie

Odpowiedzi skodowane kolorowo w zielono-czerwonej skali na mapie do tego quizu, zgodnie z poniższymi procentami.
 

Statystyki odpowiedzi

Afryka% Poprawnych
3.Londyn14,7 mln
98%
5.Madryt6,4 mln
98%
1.Moskwa17,2 mln
98%
4.Paryż11,4 mln
98%
2.Tokio40,2 mln
95%
2.Nowy Jork22,4 mln
94%
1.Meksyk22,8 mln
93%
2.Stambuł15,8 mln
91%
1.Kair20,5 mln
89%
1.Sydney5,2 mln
89%
3.Los Angeles17,8 mln
85%
2.Buenos Aires16,3 mln
84%
3.Rio de Janeiro13,1 mln
84%
5.Waszyngton8,5 mln
84%
4.Chicago9,7 mln
75%
3.Szanghaj35,9 mln
72%
5.Bogota9,8 mln
69%
4.Lima9,9 mln
69%
5.Delhi29,4 mln
67%
4.Dżakarta30,6 mln
67%
1.Sao Paulo22,2 mln
67%
2.Melbourne4,8 mln
59%
3.Johannesburg13,7 mln
58%
4.Kinszasa12,0 mln
46%
4.Perth2,0 mln
46%
2.Lagos18,8 mln
45%
1.Guangzhou (Kanton)45,6 mln
40%
5.Auckland1,5 mln
37%
5.Luanda7,9 mln
36%
3.Brisbane3,0 mln
24%

Rozkład punktacji

Percentyl według liczby udzielonych odpowiedzi

Procent ludzi z każdym wynikiem

Twoja historia wyników

Nie rozwiązałeś tego quizu